| 000 | 00363 a2200133 4500 | ||
|---|---|---|---|
| 082 | _a425 | ||
| 090 |
_c1562 _d1562 |
||
| 100 | _aM. Alderton Pink | ||
| 245 |
_aEnglish Grammar Composition and Correspondence _cM. Alderton Pink _hS.E. Thomas |
||
| 250 | _a12th | ||
| 260 |
_aNew Delhi _bS. Chand & Company LTD. _c1993 |
||
| 300 | _a408 | ||
| 942 |
_aNBS _cBK _k425 PIN |
||
| 999 |
_c344081 _d344081 |
||